Política y medios en la era de la información
Na minha lista:
| Autor principal: | |
|---|---|
| Formato: | Livro |
| Idioma: | espanhol |
| Publicado em: |
Buenos Aires
La Crujía
2009
|
| Edição: | 1a. ed |
| coleção: | Inclusiones: Categorías
|
| Assuntos: | |
| Tags: |
Adicionar Tag
Sem tags, seja o primeiro a adicionar uma tag!
|
MARC
| LEADER | 00000nam a2200000 a 4500 | ||
|---|---|---|---|
| 001 | UCG1454 | ||
| 003 | CL-VaPUC | ||
| 008 | 100506e20090000AG |||||||||||||||||spa|d | ||
| 020 | |a 9789876010733 | ||
| 082 | 0 | 4 | |a 320.014 |b MEN |2 21 |
| 100 | |a Menéndez, María Cristina |e autora |9 549399 | ||
| 245 | 1 | 0 | |a Política y medios en la era de la información |
| 250 | |a 1a. ed | ||
| 300 | |a 198 p | ||
| 942 | |c BK | ||
| 945 | |d 20100506 00:00:00 |a rbrito | ||
| 260 | |a Buenos Aires |b La Crujía |c 2009 | ||
| 650 | 0 | |a Medios de comunicación de masas |9 257273 | |
| 650 | 0 | |a Opinión pública |9 255512 | |
| 650 | 0 | |a Democracia |9 255256 | |
| 650 | 7 | |a FILOSOFIA POLITICA |2 CL-VaPUC |9 549400 | |
| 583 | |a last modification |c 20121001 01:05:27 |k Rodrigo Vera | ||
| 490 | 0 | |a Inclusiones: Categorías | |
| 999 | |c 340820 |d 340818 | ||
| 952 | |0 0 |1 0 |4 0 |6 320_014000000000000_MEN_2009 |7 0 |8 A |9 435865 |a BIBCUR |b BIBCUR |d 2019-11-22 |i 4668715 |l 2 |m 3 |o 320.014 MEN 2009 |p 4668715 |r 2025-04-22 |s 2022-06-23 |w 2019-11-22 |y BK |k MGC | ||